MARC details
| 000 -CABECERA |
| campo de control de longitud fija |
01917nam a22003377a 4500 |
| 003 - IDENTIFICADOR DEL NÚMERO DE CONTROL |
| campo de control |
DO-SdBNP |
| 005 - FECHA Y HORA DE LA ÚLTIMA TRANSACCIÓN |
| campo de control |
20260310104012.0 |
| 007 - CAMPO FIJO DE DESCRIPCIÓN FÍSICA--INFORMACIÓN GENERAL |
| campo de control de longitud fija |
ta |
| 008 - DATOS DE LONGITUD FIJA--INFORMACIÓN GENERAL |
| campo de control de longitud fija |
220204b2021 cl abcd| |||| 00| 0 spa d |
| 020 ## - NÚMERO INTERNACIONAL ESTÁNDAR DEL LIBRO |
| Número Internacional Estándar del Libro |
9789584929952 |
| 040 ## - FUENTE DE LA CATALOGACIÓN |
| Centro catalogador/agencia de origen |
DO-SdBNP |
| Lengua de catalogación |
spa |
| Centro/agencia transcriptor |
BNPHU |
| 082 #4 - NÚMERO DE LA CLASIFICACIÓN DECIMAL DEWEY |
| Número de clasificación |
325.27294097293 |
| Número de documento/Ítem |
C975u |
| Número de edición |
22 |
| 100 1# - ENTRADA PRINCIPAL--NOMBRE DE PERSONA |
| Nombre de persona |
Curiel Pichardo, Ochy |
| 9 (RLIN) |
81149 |
| 245 10 - MENCIÓN DE TÍTULO |
| Título |
Un golpe de estado : |
| Resto del título |
la sentencia 168-13 continuidades y discontinuidades del racismo en República Dominicana / |
| Mención de responsabilidad, etc. |
Ochy Curiel Pichardo ; edición María Teresa Garzón. |
| 260 ## - PUBLICACIÓN, DISTRIBUCIÓN, ETC. |
| Lugar de publicación, distribución, etc. |
Bogota, Colombia : |
| Nombre del editor, distribuidor, etc. |
En la Frontera, |
| Fecha de publicación, distribución, etc. |
2021. |
| 300 ## - DESCRIPCIÓN FÍSICA |
| Extensión |
359 p. : |
| Otras características físicas |
il., cuadros, fots., gráfs. , mapa; |
| Dimensiones |
23 cm. |
| 500 ## - NOTA GENERAL |
| Nota general |
Incluye datos biográficos de la autora : p. 361 |
| 500 ## - NOTA GENERAL |
| Nota general |
Incluye referencias bibliográficas y notas al pie de las páginas |
| 504 ## - NOTA DE BIBLIOGRAFÍA, ETC. |
| Nota de bibliografía, etc. |
Bibliografía : p. 317-348 |
| 505 0# - NOTA DE CONTENIDO CON FORMATO |
| Nota de contenido con formato |
Agradecimientos -- |
| Título |
Introducción -- |
| Información miscelánea |
Capítulo 1. |
| Título |
Una isla, dos Estados nacionales --<br/> |
| Información miscelánea |
Capítulo 2. |
| Título |
Los bateyes: apartheid en territorio nacional -- |
| Información miscelánea |
Capítulo 3. |
| Título |
La Sentencia 168: un golpe de estado para dejar morir --<br/> |
| Información miscelánea |
Capítulo 4. |
| Título |
El plan de regularización: apartheid jurídico y administrativo --<br/> |
| Información miscelánea |
Capítulo 5. |
| Título |
Poder y discurso: los periódicos dominicanos --<br/><br/> |
| Información miscelánea |
Capítulo 6. |
| Título |
“Hay resistencia porque hay poder” -- |
| -- |
Conclusiones finales -- |
| -- |
Bibliografía -- |
| -- |
Anexo -- |
| 590 ## - NOTA LOCAL (RLIN) |
| Nota local |
Inventariado, 2022 /LP<br/><br/> |
| 650 #4 - PUNTO DE ACCESO ADICIONAL DE MATERIA--TÉRMINO DE MATERIA |
| Término de materia o nombre geográfico como elemento de entrada |
Ciudadania |
| Subdivisión geográfica |
República Dominicana |
| 9 (RLIN) |
64470 |
| 650 #4 - PUNTO DE ACCESO ADICIONAL DE MATERIA--TÉRMINO DE MATERIA |
| Término de materia o nombre geográfico como elemento de entrada |
Hijos de no ciudadanos |
| Subdivisión general |
Situación legal |
| Subdivisión geográfica |
República Dominicana |
| 9 (RLIN) |
81703 |
| 650 #4 - PUNTO DE ACCESO ADICIONAL DE MATERIA--TÉRMINO DE MATERIA |
| Término de materia o nombre geográfico como elemento de entrada |
Haitianos en República Dominicana |
| Subdivisión general |
Condiciones sociales |
| 9 (RLIN) |
81704 |
| 650 #0 - PUNTO DE ACCESO ADICIONAL DE MATERIA--TÉRMINO DE MATERIA |
| Término de materia o nombre geográfico como elemento de entrada |
Discriminación racial |
| 9 (RLIN) |
2280 |
| 651 #4 - PUNTO DE ACCESO ADICIONAL DE MATERIA--NOMBRE GEOGRÁFICO |
| Nombre geográfico |
Haiti |
| Subdivisión general |
Emigración e inmigración |
| 9 (RLIN) |
1425 |
| 651 #4 - PUNTO DE ACCESO ADICIONAL DE MATERIA--NOMBRE GEOGRÁFICO |
| Nombre geográfico |
República Dominicana |
| Subdivisión general |
Relaciones |
| Subdivisión geográfica |
Haiti |
| 9 (RLIN) |
5153 |
| 700 1# - PUNTO DE ACCESO ADICIONAL--NOMBRE DE PERSONA |
| Nombre de persona |
Garzón, María Teresa, |
| Término indicativo de función/relación |
ed. |
| 9 (RLIN) |
81151 |
| 910 ## - DATOS DE OPCIÓN DEL USUARIO (OCLC) |
| Datos de opción del usuario |
Lopérez./Validado. Control de calidad MFF |
| 942 ## - ELEMENTOS DE PUNTO DE ACCESO ADICIONAL (KOHA) |
| Fuente del sistema de clasificación o colocación |
Dewey Decimal Classification |
| Tipo de ítem Koha |
Libro |